000 00569nam a2200169Ia 4500
008 090201s9999 xx 000 0 und d
010 _aKPL-20402
040 _bमराठी
041 _aमराठी
082 _a22871
_b20402
100 _aनारायण धारप
245 _aसमर्थांची स्मरणी
_cनारायण धारप
260 _c2004
_bश्री विशाखा प्रकाशन
300 _a118
_bलहान
600 _aसमर्थांची स्मरणी
942 _cBOOK
999 _c222385
_d222385